BIBLIOTECA

SENCICO

Física general / (Registro nro. 3660)

Detalles MARC
000 -LEADER
fixed length control field 01770nam a22003017a 4500
003 - CONTROL NUMBER IDENTIFIER
control field PE SENCICO BE
005 - DATE AND TIME OF LATEST TRANSACTION
control field 20251020182621.0
008 - FIXED-LENGTH DATA ELEMENTS--GENERAL INFORMATION
fixed length control field 221130b |||||||| |||| 00| 0 eng d
020 ## - INTERNATIONAL STANDARD BOOK NUMBER
International Standard Book Number 978-612-304-524-1
040 ## - CATALOGING SOURCE
Original cataloging agency PE SENCICO BE
Transcribing agency PE SENCICO BE
041 ## - LANGUAGE CODE
Language code of text/sound track or separate title spa
082 ## - DEWEY DECIMAL CLASSIFICATION NUMBER
Classification number 530
Item number C28
100 1# - MAIN ENTRY--PERSONAL NAME
9 (RLIN) 162
Personal name Casado Márquez, Martín
245 1# - TITLE STATEMENT
Title Física general /
Statement of responsibility, etc. José Martín Casado Márquez
250 ## - EDITION STATEMENT
Edition statement 1a d.
260 ## - PUBLICATION, DISTRIBUTION, ETC.
Place of publication, distribution, etc. Lima:
Name of publisher, distributor, etc. Macro,
Date of publication, distribution, etc. 2017
300 ## - PHYSICAL DESCRIPTION
Extent 492 p.:
Other physical details diagrs.
Dimensions 25 cm.
504 ## - BIBLIOGRAPHY, ETC. NOTE
Bibliography, etc. note Bibliografía: p. [493-494].
505 ## - FORMATTED CONTENTS NOTE
Formatted contents note Medición e incertidumbre -- Cinemática de la partícula -- Cinética de la partícula -- Dinámica de sistemas de partículas -- Dinámica del cuerpo rígido -- Estática -- Introducción a la teoría de la elasticidad -- Gravitación.
520 ## - SUMMARY, ETC.
Summary, etc. La presente publicación desarrolla el estudio de la física desde el punto de vista teórico y práctico. Su finalidad es capacitar al lector para resolver problemas sobre el fenómeno a evaluar en el contexto más real posible e interpretar los resultados con el fin de pronosticar o prever situaciones similares, para luego aplicarlos en los cursos de su especialidad o campo profesional. Esta obra contiene temas fundamentales como la medición y la incertidumbre, la cinemática, la cinética, la dinámica, el equilibrio, la estática, la teoría de la elasticidad y la gravitación. Presenta más de 600 problemas resueltos y propuestos, información de interés actual y desarrolla casos particulares de la física.
650 10 - SUBJECT ADDED ENTRY--TOPICAL TERM
Topical term or geographic name entry element Física
9 (RLIN) 74
650 20 - SUBJECT ADDED ENTRY--TOPICAL TERM
Topical term or geographic name entry element Cinemática
9 (RLIN) 163
650 20 - SUBJECT ADDED ENTRY--TOPICAL TERM
Topical term or geographic name entry element Cinética
9 (RLIN) 164
650 20 - SUBJECT ADDED ENTRY--TOPICAL TERM
Topical term or geographic name entry element Estática
9 (RLIN) 165
910 ## - USER-OPTION DATA (OCLC)
-- hfp
-- hfp
942 ## - ADDED ENTRY ELEMENTS (KOHA)
Source of classification or shelving scheme Dewey Decimal Classification
Koha item type Libros
Classification part 530
Item part C28
Existencias
Fecha de la última vez que lo usaron Número de ingreso o de inventario Pago total Signatura topográfica completa Precio efectivo desde Tipo de documento Estado perdido Sistema de clasificación Estado dañado No es para préstamo Retirado Ubicación permanente Ubicación actual Fecha de adquisición
30/11/2022 16379   530/C28 30/11/2022 Libros   Dewey Decimal Classification       Biblioteca Central Lima Biblioteca Central Lima 30/11/2022